000 00738nam a2200241Ia 4500
003 OSt
005 20220927105024.0
006 a|||||r|||| 00| 0
007 ta
008 220926b |||||||| |||| 00| 0 eng d
024 _a185990
037 _cReference Collections
040 _aRTL
_cRTL
_beng
041 _2eng
_aeng
082 _a"X9(D6.8).2.N62<N97r, K2"
110 _aINDIA MACHINARY COMPANY LIMITED
_9369546
245 0 _a"Report and accounts, 30 June,1947."
260 _aCalcutta
_bIndia Machinary Ltd
_c1947
300 _av.p.
_ccm.
700 _aINDIA MACHINARY COMPANY LIMITED
_9369547
942 _h"X9(D6.8).2.N62<N97r, K2"
_cCC
999 _c690283
_d690283